书目信息 |
| 题名: |
建筑材料
|
|
| 作者: | 张丹 , 罗滢 , 彭春山 主编 | |
| 分册: | ||
| 出版信息: | 北京 北京希望电子出版社 2018.02 |
|
| 页数: | 296页 | |
| 开本: | 26cm | |
| 丛书名: | ||
| 单 册: | ||
| 中图分类: | TU5 | |
| 科图分类: | ||
| 主题词: | 建筑材料--教材 | |
| 电子资源: | ||
| ISBN: | 978-7-83002-589-2 | |
| 000 | 00848nam0 2200253 450 | |
| 001 | 5051 | |
| 005 | 20181014085710.33 | |
| 010 | @a978-7-83002-589-2@dCNY49.80 | |
| 100 | @a20180714d2018 em y0chiy50 ea | |
| 101 | 0 | @achi |
| 102 | @aCN@b110000 | |
| 105 | @aak z 000yy | |
| 200 | 1 | @a建筑材料@9jian zhu cai liao@f张丹,罗滢,彭春山主编 |
| 210 | @a北京@c北京希望电子出版社@d2018.02 | |
| 215 | @a296页@c图@d26cm | |
| 300 | @a建筑专业“十三五”规划教材 | |
| 330 | @a本书共8个项目,主要内容包括建筑材料的基本性质、无机胶凝材料、水泥混凝土、建筑砂浆、建筑钢材、防水材料、其他功能材料,以及试验数据统计分析的一般方法。 | |
| 606 | 0 | @a建筑材料@j教材 |
| 690 | @aTU5@v5 | |
| 701 | 0 | @a张丹@9zhang dan@4主编 |
| 701 | 0 | @a罗滢@9luo ying@4主编 |
| 701 | 0 | @a彭春山@9peng chun shan@4主编 |
| 801 | 0 | @aCN@b91MARC@c20180714 |
| 905 | @aMuseLib@dTU5@e1471 | |
| 建筑材料/张丹,罗滢,彭春山主编.-北京:北京希望电子出版社,2018.02 |
| 296页:图;26cm |
| 建筑专业“十三五”规划教材 |
| ISBN 978-7-83002-589-2:CNY49.80 |
| 本书共8个项目,主要内容包括建筑材料的基本性质、无机胶凝材料、水泥混凝土、建筑砂浆、建筑钢材、防水材料、其他功能材料,以及试验数据统计分析的一般方法。 |
| ● |
| 相关链接 |
|
|
|
|
正题名:建筑材料
索取号:TU5/1471
 
预约/预借
| 序号 | 登录号 | 条形码 | 馆藏地/架位号 | 状态 | 备注 |
| 1 | 1127884 | 211278847 | 第二样本阅览室/ [索取号:TU5/1471] | 在馆 | |
| 2 | 1127885 | 211278856 | 第三借阅区/ [索取号:TU5/1471] | 在馆 | |
| 3 | 1127886 | 211278865 | 第三借阅区/ [索取号:TU5/1471] | 在馆 | |
| 4 | 1127887 | 211278874 | 第三借阅区/ [索取号:TU5/1471] | 在馆 | |
| 5 | 1127888 | 211278883 | 化学系资料室/ [索取号:TU5/1471] | 在馆 |